A star and a heart to wich is added and utter impossibility / (Record no. 158832)

MARC details
000 -LEADER
campo de control de longitud fija 00710nam a22002055i 4500
001 - NÚMERO DE CONTROL
campo de control 158832
003 - IDENTIFICADOR DE NÚMERO DE CONTROL
campo de control ES-MaACL
005 - FECHA Y HORA DE LA ÚLTIMA TRANSACCIÓN
campo de control 20230906211330.0
008 - DATOS DE LONGITUD FIJA--INFORMACIÓN GENERAL
campo de control de longitud fija 990118s1876 gw |||| | eng d
040 ## - FUENTE DE CATALOGACIÓN
Centro catalogador/agencia de origen M-RABA
Lengua de catalogación spa
Centro/agencia transcriptor M-RABA
Centro/agencia modificador CCPB | B
100 1# - ENTRADA PRINCIPAL--NOMBRE DE PERSONA
Nombre de persona Marryat, Florence.
9 (RLIN) 129539
245 12 - MENCIÓN DEL TÍTULO
Título A star and a heart to wich is added and utter impossibility /
Mención de responsabilidad, etc. by Florence Marryat.
250 ## - MENCION DE EDICION
Mención de edición Cop. ed.
260 ## - PUBLICACIÓN, DISTRIBUCIÓN, ETC.
Lugar de publicación, distribución, etc. Leipzig :
Nombre del editor, distribuidor, etc. Bernhard Tauchnitz,
Fecha de publicación, distribución, etc. 1876.
300 ## - DESCRIPCIÓN FÍSICA
Extensión 304 p. ;
Dimensiones 17 cm.
490 1# - MENCIÓN DE SERIE
Mención de serie Collection of british authors ;
Designación de volumen o secuencia 1557
830 0# - PUNTO DE ACCESO ADICIONAL DE SERIE-TÍTULO UNIFORME
Título uniforme Collection of british authors ;
Designación de volumen o secuencia 1557
9 (RLIN) 180703
852 ## - LOCALIZACIÓN
Ubicación ES-MaACL
Número de control de estantería G-11805
Nota libre -- Enc. hol., conservando la enc. original
Holdings
Estatus retirado Estado de pérdida Estado de daño No para préstamo Colección Biblioteca de origen Biblioteca actual Ubicación en estantería Fecha de adquisición Fuente de adquisición Total de préstamos Signatura topográfica completa Código de barras Visto por última vez Precio de reemplazo Tipo de ítem Koha
        Libros del s. XIX Biblioteca del Ateneo de Madrid Biblioteca del Ateneo de Madrid Sala Pecera Planta 3 17/01/2008     G-11805 1166246 23/02/2023 23/02/2023 Libro impreso antiguo